| 000 | 01190cam a2200397 i 4500 | ||
|---|---|---|---|
| 001 | 0000484 | ||
| 003 | DO-SdBNP | ||
| 005 | 20220916132318.0 | ||
| 007 | 0000484 | ||
| 008 | 100514s 2010 sp | 000 f spa | ||
| 015 | _a | ||
| 017 |
_a _b |
||
| 020 | _a9788466321341 | ||
| 035 | _a | ||
| 040 |
_aBPMSU _bspa _cBPMSU _e |
||
| 080 | _a | ||
| 082 | 4 |
_a891.23 _bC549B 2010 _222 |
|
| 100 | 1 |
_aChopra, Deepak _d1947- |
|
| 245 | 1 | 0 |
_aBuda : _bla novela que cambiará tu vida / _cDeepak Chopra. ; traducción Guillermina Ruiz |
| 250 | _a3a. ed. | ||
| 260 |
_aMadrid: _bSantillana Ediciones Generales, _c2010. |
||
| 300 |
_a396 p. ; _c19 cm. |
||
| 490 | 0 |
_aPunto de lectura _v283 / 1 |
|
| 500 | _aIncluye datos biográficos de la autora. | ||
| 534 |
_aTítulo original : _tBuddha: A Story of enlightenment. |
||
| 590 | _6Inventariado, 2022/VM | ||
| 600 | 1 | 4 |
_aBuda, _d567-483 a. de J. C. _vNovela. |
| 650 | 4 | _aNovela inglesa | |
| 650 | 4 |
_aBudismo _vNovela |
|
| 650 | 4 |
_aEspiritualidad _vNovela. |
|
| 700 | 1 | 2 |
_aRuiz, Guillermina _etrad. |
| 910 | _aVMateo V. /Validado | ||
| 942 |
_2ddc _cBK |
||
| 945 | _ainventariado extranjero / 2018 dg | ||
| 956 |
_aYLOCKWARD _810 _cBPMSU |
||
| 999 |
_c10706 _d10706 |
||